| 000 | 01036nam a2200337Ia 4500 | ||
|---|---|---|---|
| 001 | Z_6407 | ||
| 003 | CHAP | ||
| 008 | 220113s2003 xx 000 0 und d | ||
| 010 | _a169665 | ||
| 020 | _a84-200-1000-6 | ||
| 040 | _cCHAP | ||
| 082 | _a636.08951 F37 | ||
| 240 | _aVeterinary pharmacology and therapeutics | ||
| 245 |
_aFarmacologia y terapeutica veterinaria / _ceditor H. Richard Adams |
||
| 250 | _a2a ed. | ||
| 260 |
_aEspaña : _bAcribia, _c2003 |
||
| 300 | _ax, 1281 p. | ||
| 500 | _aTraduccion de la obra en inglés: Veterinary pharmacology and therapeutics. 8th. ed. | ||
| 503 | _aej.1: 264390 \ ej.2: 264391 \ ej.3: 264392 \ ej.4: 264393 \ ej.5: 264394 | ||
| 504 | _aIncluye bibliografía e índice | ||
| 650 |
_aFarmacología _939762 |
||
| 650 |
_aFarmacología veterinaria _939764 |
||
| 650 |
_aVeterinaria _x _x Medicamentos \ _9144685 |
||
| 700 |
_aAdams, H. Richard, ed. _9144686 |
||
| 901 | _a636.08951 F37 | ||
| 902 | _aM | ||
| 910 | _a2003 | ||
| 942 | _c1 | ||
| 942 | _cc1 | ||
| 999 |
_c169665 _d169665 |
||